| 000 | 01125nam a2200217Ia 4500 | ||
|---|---|---|---|
| 003 | Ost | ||
| 005 | 20260416102351.0 | ||
| 008 | 260416s9999||||xx |||||||||||||| ||und|| | ||
| 040 | _cfsecg | ||
| 041 | _aara | ||
| 082 | _a519.53 | ||
| 100 |
_aتيغرسي، هواري _eمؤلف |
||
| 245 | 0 |
_aمبادئ في الإحصاء الوصفي / _c هواري تيغرسي |
|
| 260 |
_aالجزائر _bجامعة الجزائر3: كلية العلوم الإقتصادية، العلوم التجارية وعلوم التسيير _c2015 |
||
| 300 |
_a114 ورقة _bايضاحات _c30 سم |
||
| 520 | _aالمفاهيم الاحصائية وطرق عرض البيانات، مقاييس النزعة المركزية، مقاييس التشتت والشكل، الانحذار الخطي البسيط ، الارقام القياسية، السلاسل الزمنية | ||
| 653 | _aالاحصاء | ||
| 653 | _aالاحصاء الوصفي | ||
| 710 |
_aجامعة الجزائر3: كلية العلوم الإقتصادية، العلوم التجارية وعلوم التسيير _eناشر علمي |
||
| 942 | _cHANDOUT | ||
| 999 |
_c40987 _d40987 |
||